Etymology - Statistics

General Stats
  • This quiz has been taken 24 times
  • The average score is 7 of 20
Answer Stats
English Word Meaning of Origin % Correct
Nocturnal Night
86%
Decimate Ten
77%
Hydraulic Water | Pipe | Tube
77%
Telephone Far | Voice | Sound | Noise
64%
Disaster Bad | Ill | Star
59%
Malaria Bad | Evil | Air | Wind
50%
Sinister Left
50%
Salary Salt
45%
Dinosaur Terrible | Frightful | Lizard
45%
Hysteria Womb | Woman
32%
Subtle Under | Loom | Thread | Fine
18%
Muscle Mouse
14%
Apocalypse Uncover | Reveal
14%
Planet Wander | Err
14%
Idiot Private | Citizen
9%
Doctor Teach
9%
Candidate White | Shine
9%
Testify Witness
9%
Lady Bread | Knead | Maid | Dough
5%
Sarcasm Flesh | Skin | Meat
5%
No matching quizzes found
Score Distribution
Percent of People with Each Score
Percentile by Number Answered
Your Score History
You have not taken this quiz